Plats traditionnels par régions - Statistiques

Statistiques générales
  • Ce quiz a été pris 1 146 fois
  • Le résultat moyen est 9 sur 15
Statistiques - réponses
Hint Explanation Réponse % Correct
Quiche ____ Tarte salée à base de migaine et de lard fumé Lorraine
91%
Far Gâteau à base d’oeufs et éventuellement de pruneaux Bretagne
72%
Cannelé Petit gâteau parfumé au rhum Bordeaux
70%
Tartiflette Ratin de pommes de terre gratiné au reblochon Savoie
70%
Rougail saucisse Plat à base de saucisses de tomates et d’oignons cuits Réunion
69%
Escargots Des escargots et du beurre d’escargot Bourgogne
67%
Bouillabaisse Soupe de poissons accompagné de croûtons pain à l’ail de patate et d’une sauce Provence
66%
Canistrellli Petits biscuits secs et sucrés Corse
62%
Quenelles Plat à base de farine ou de semoule Lyon
58%
Axoa Plat à base de viande hachée, souvent du veau Pays basque
51%
Baeckaoffa Pommes de terre, légumes et viandes cuits à l’étouffée pendant 24 heures Alsace
47%
Cassoulet Plat à base de haricots blanc et de viande Languedoc
47%
Truffade Plat à base de pommes de terre, de Cantal ou de Salers Auvergne
45%
Crème chantilly Crème fouettée inventée au château du même nom Picardie
45%
Potjevleesch Morceaux de viande servis froids avec des frites Nord
30%
Aucun quiz correspondant
Distribution des résultats
% des personnes avec chaque résultat
Percentile par nombre de réponses
Votre historique - résultats
Vous n’avez pas pris ce quiz